00421nam a2200121Ia 4500008004100000024005000041082001800091100006600109245004000175260002500215600002100240650003800261250506s9999 xx 000 0 und d a00A-BCS3-018, 00A-BCS3-056 & 99B-BCS3-018 a005.15072 ZAH aZahid Jamil Siddiqui , Shuja-ul- Haq Siddiqui & Sobia Pervaiz 0aOnline & Voice Base Banking Systems aKarachi:bUIT,c2000 aComputer Science aBachelor of Computer Science (BS)